Stati per Debito estero pro capite - Statistics

Statistiche generali
  • Questo quiz è stato fatto 3 volte
  • Il punteggio medio è 4 su 15
Statistiche sulle risposte
Debito estero pro capite ($) Continente Nazione % Corretto
628 505 Europa Irlanda
67%
134 602 Europa Norvegia
67%
130 034 Europa Regno Unito
67%
98 094 America del Nord Stati Uniti
67%
157 951 Africa Mauritius
33%
215 569 Europa Paesi Bassi
33%
846 000 Oceania Palau
33%
95 178 Europa Svezia
33%
262 863 Europa Svizzera
33%
97 200 Asia Cipro
0%
81 965 Europa Danimarca
0%
114 704 Europa Lussemburgo
0%
223 000 Europa Malta
0%
434 000 Europa Monaco
0%
144 061 Asia Singapore
0%
Nessun quiz corrispondente trovato
Distribuzione punteggi
Percentuale di utenti per punteggio
Percentile per numero di risposta
I tuoi punteggi nel tempo
Non hai fatto questo quiz